000
00229nam a22001097a 4500
999
_c
533636
_d
533636
040
_c
dlc
082
_a
839.738
100
_a
Stieg Larsson
_9
27570
245
_a
The Girl Who Played with Fire
300
_a
724p
942
_2
ddc
_c
BK